000 00424nam a2200145Ia 4500
008 230411s9999 xx 000 0 und d
020 _a978-93-5152-299-7
041 _aeng
082 _aN/613.2/CLE/B08430
100 _aClement I
_9119826
245 _aTextbook on Nutrition and Dietetics for Post Basic BSc Nursing Students
260 _bJaypee Brothers
_aNew Delhi
_c2015
300 _a635p
999 _c158161
_d158161